00867nam a22002777a 4500003000900000005001700009007000300026008004100029020001800070040003000088082002300118100003600141245005600177264003900233300002600272336002700298337003300325338002800358490001300386500005200399586004300451650003500494650002600529650002200555830001200577DO-SdBNP20240530073926.0ta110301s2020 dr 000 0 spa d a9789945616583 aDO-SdBNPbspacBNPHUerda 4aRD863.5bG633c2221 aGómez Natera, Ingrid eautora13aEl cristo de los milagros /cIngrid Gómez Natera  aSanto Domingo :bFUNGLODE, c2020. a313 paginas :c23 cm. 2rdacontentatextobtxt 2rdamediaasin mediaciónbn 2rdacarrieravolumenbnc1 aPremios  aIncluye datos biográficos de la autora : p.9  aPremio único. FUNGLODE, 2019. Novela4 aNovelazRepública Dominicana4 aLiteratura dominicana40aNovela dominicana0 pPremios